000 00448nam a22001697a 4500
003 NUST - PNEC
005 20170116181133.0
008 151006b xxu||||| |||| 00| 0 eng d
020 _a0713136774
040 _cLIBRARY
082 _a668.4 MIL
100 _914078
_a Mills, N. J.
245 _aPlastics :
_bmicrostructure, properties, and applications
_cN. J. Mills
260 _c1986
650 _913513
_aPlastics
_xME, IME
942 _2ddc
_cBK
999 _c70060
_d70060